Voices of practitioners teacher research in early childhood education.

Detalles Bibliográficos
Autor Corporativo: National Association for the Education of Young Children
Formato: Electrónico Revista
Lenguaje:inglés
Publicado: Washington, DC : National Association for the Education of Young Children
Materias:
Acceso en línea:Full text available from Research Library: 05/01/2012 to present

MARC

LEADER 00000nas a2200000 i 4500
001 ssj0001078069
003 WaSeSS
005 20200512172242.0
006 m d
007 cr n
008 051221c20109999dcufr p s | a0eng
010 |a  2015201745 
022 |a 2378-2609 
035 |a (WaSeSS)ssj0001078069 
037 |b National Association for the Education of Young Children (NAEYC), 1313 L Street, NW Suite 500, Washington, DC 20005 
040 |a UKBOL  |b eng  |c UKBOL  |d DKU  |d CUS  |d OCLCF  |d OCLCO  |d OCL  |d DLC  |d OCLCQ  |d AU@  |d WaSeSS 
042 |a pcc  |a nsdp 
050 0 0 |a LB1139.2 
082 0 0 |a 372.21  |2 23 
222 0 |a Voices of practitioners 
245 0 0 |a Voices of practitioners  |h [electronic resource] :  |b teacher research in early childhood education. 
246 1 |a VOP 
260 |a Washington, DC :  |b National Association for the Education of Young Children 
310 |a Twice a year 
362 1 |a Began with: Volume 1, number 1 (January 2010). 
506 |a License restrictions may limit access. 
588 |a Description based on: Vol, 8, no. 2 (March 2013); title from caption (naeyc.org website, viewed Apr. 6, 2015). 
588 |a Latest issue consulted: Volume 10 (winter 2015) (viewed Apr. 6, 2015). 
650 0 |a Early childhood education  |v Periodicals. 
650 0 |a Education  |v Periodicals. 
650 7 |a Early childhood education  |2 fast  |0 (OCoLC)fst00900596 
650 7 |a Education.  |2 fast  |0 (OCoLC)fst00902499 
653 |a Education 
655 0 |a Electronic journals. 
710 2 |a National Association for the Education of Young Children. 
850 |a DLC 
856 4 0 |z Full text available from Research Library: 05/01/2012 to present  |u https://search.proquest.com/publication/2027469